Statistics for Capitals of the United States

Click here to take the quiz!

General Stats

  • This quiz has been taken 79 times
  • The average score is 6 of 9

Answer Stats

YearStateClueCity% Correct
1789-1790New YorkNow the largest US cityNew York City
97%
1790----Current capital cityWashington, DC
95%
1774PennsylvaniaHome of the Liberty BellPhiladelphia
86%
1784-1789New JerseyCapital of New JerseyTrenton
77%
1774-1778MarylandLargest city in MarylandBaltimore
77%
1784MarylandCapital of MarylandAnnapolis
74%
1783-1784New JerseyNamesake of an Ivy League Uni.Princeton
47%
1777PennsylvaniaOriginally called Hickory TownLancaster
22%
1775-1778Pennsylvania"The White Rose City"York
19%

Score Distribution

Percentile by Number Answered

Percent of People with Each Score

Your Score History

You have not taken this quiz